=LDR 00000nam 2200000 4500 =001 INLIS000000000032061 =005 20130612134105 =008 ***********************************ind** =035 ##$$a0010-061300000032061 =041 ##$$a ind =082 ##$$a 510.7 =090 ##$$a 510.7, Ide p =100 ##$$a IDEL, Anton =245 ##$$a Pintar Matematika SMA untuk Kelas 1,2,3, Anton Idel, Rudy Hariyono ; editor, Tim Prima Pena =260 ##$$a 2005 $b Jawa Timur =650 ##$$aa320 hlm, 21 cm =700 ##$$a Matematika studi dan Pengajaran =850 ##$$a Hariyono, Rudy =990 ##$$a 0001/BPAP-NTB/20142014 =990 ##$$a 0001/BPAP-NTB/20142014 =990 ##$$a 0001/BPAP-NTB/20142014 =990 ##$$a 0001/BPAP-NTB/20142014 =990 ##$$a 0001/BPAP-NTB/20142014